| 000 | 006400000a22001930004500 | ||
|---|---|---|---|
| 090 |
_aAR _b03591 |
||
| 245 | 1 | 0 |
_aMultidimentional reading of the dynamics of rural intensification in China _sthe amoeba approach |
| 500 | _a<Colección uso y valoración> | ||
| 650 | 1 | 4 |
_aAnálisis de sistemas _997259 |
| 650 | 1 | 4 |
_aSistemas de producción _992252 |
| 650 | 1 | 4 |
_aAgroecosistemas _993144 |
| 650 | 1 | 4 |
_aSostenibilidad _992744 |
| 651 | 4 |
_pChina _992749 |
|
| 041 | 0 | _aInglés | |
| 700 | 1 |
_aPastore, Gianni _997261 |
|
| 100 | 1 |
_aGiampietro, Mario _997249 |
|
| 942 | _cARTICULO | ||
| 773 | 1 |
_tCritical Reviews in Plant Sciences _h3 _q299-329 _d1999 _g18 |
|
| 999 |
_c12641 _d12641 |
||